[Event "Titled Tuesday intern op 24th Sep Early"]
[White "Titichoca Daza, Daniel Henry"]
[Black "Christiansen, Johan Sebastian"]
[Site "Chess.com INT"]
[Round "5"]
[Result "0-1"]
[Date "2024.09.24"]
[WhiteElo "2178"]
[BlackElo "2661"]
[PlyCount "86"]
[EventDate "2024.09.24"]
[EventType "swiss (blitz)"]
[EventRounds "11"]
[EventCountry "USA"]
[SourceTitle "EXT 2025"]
[Source "ChessBase"]
[SourceDate "2024.10.14"]
[SourceVersion "1"]
[SourceVersionDate "2024.10.14"]
[SourceQuality "1"]

1. c4 e5 2. Nc3 Nc6 3. g3 Bc5 4. Bg2 d6 5. e3 a6 6. Nge2 Ba7 7. Rb1 h5 8. h3 h4 9. g4 f5 10. Qc2 Qg5 11. Nd5 Kd8 12. f4 exf4 13. exf4 Qh6 14. g5 Qh5 15. d3 Nge7 16. Be3 Nxd5 17. Bxa7 Ndb4 18. Qc3 Rxa7 19. Kf2 Re8 20. Bf3 Qf7 21. a3 Na2 22. Qb3 Qe7 23. Qxa2 Qe3+ 24. Kg2 Qxd3 25. Rhe1 Bd7 26. Rbd1 Qe3 27. Qb1 Ne7 28. Rd3 Qb6 29. b4 Ng6 30. Qc1 Bc6 31. c5 Bxf3+ 32. Rxf3 Qc6 33. Nd4 Qd5 34. Rxe8+ Kxe8 35. Qe3+ Kf7 36. cxd6 cxd6 37. Nxf5 Ra8 38. Nd4 Re8 39. Qd3 Nxf4+ 40. Kf2 Re4 41. Rxf4+ Rxf4+ 42. Ke3 Qe5+ 43. Kd2 Rxd4 0-1

[Event "Titled Tuesday intern op 19th Mar Early"]
[White "Titichoca Daza, Daniel Henry"]
[Black "Wong, Yinn Long"]
[Site "Chess.com INT"]
[Round "1"]
[Result "0-1"]
[Date "2024.03.19"]
[WhiteElo "2116"]
[BlackElo "2306"]
[PlyCount "78"]
[EventDate "2024.03.19"]
[EventType "swiss (blitz)"]
[EventRounds "11"]
[EventCountry "USA"]
[SourceTitle "EXT 2025"]
[Source "ChessBase"]
[SourceDate "2024.10.14"]
[SourceVersion "1"]
[SourceVersionDate "2024.10.14"]
[SourceQuality "1"]

1. e4 c5 2. Nf3 g6 3. d4 cxd4 4. Nxd4 Nc6 5. c4 Nf6 6. Nc3 Bg7 7. Be3 d6 8. Be2 0-0 9. 0-0 Nxd4 10. Bxd4 Bd7 11. b4 a5 12. a3 Be6 13. Rb1 axb4 14. axb4 Nd7 15. Nb5 Ne5 16. f4 Nc6 17. Be3 f5 18. Bd3 fxe4 19. Bxe4 Bxc4 20. Bd5+ Bxd5 21. Qxd5+ Kh8 22. h4 Rf5 23. Qd3 Qd7 24. Nc3 Ra3 25. Rfc1 Rf8 26. Qd2 Rc8 27. Nd5 Rf8 28. b5 Nd8 29. Rc7 Qf5 30. Rbc1 e6 31. Ne7 Qe4 32. Bf2 Rd3 33. Qe1 Qxf4 34. R1c4 Qxf2+ 35. Qxf2 Rd1+ 36. Kh2 Rxf2 37. Rd7 Be5+ 38. Kh3 Rd3+ 39. Kg4 Rg3# 0-1

[Event "Oruro Baptista Memorial"]
[White "Ferrufino, Boris"]
[Black "Titichoca Daza, Daniel Henry"]
[Site "Oruro"]
[Round "6"]
[Result "1/2-1/2"]
[Date "2023.11.03"]
[WhiteElo "1884"]
[BlackElo "2157"]
[PlyCount "48"]
[EventDate "2023.11.01"]
[EventType "swiss"]
[EventRounds "9"]
[EventCountry "BOL"]
[SourceTitle "CBM 217 Extra"]
[Source "ChessBase"]
[SourceDate "2024.01.31"]
[SourceVersion "1"]
[SourceVersionDate "2024.01.31"]
[SourceQuality "1"]

1. d4 Nf6 2. Nf3 d5 3. e3 c5 4. c3 Nbd7 5. Bd3 g6 6. Nbd2 Bg7 7. 0-0 0-0 8. Re1 b6 9. e4 cxd4 10. cxd4 dxe4 11. Nxe4 Bb7 12. Bf4 Rc8 13. Nc3 Re8 14. Qe2 Nh5 15. Bg5 h6 16. Be3 e5 17. Nxe5 Nxe5 18. dxe5 Bxe5 19. Ba6 Qh4 20. h3 Bxa6 21. Qxa6 Nf4 22. Bxf4 Qxf4 23. g3 Qf5 24. Qb5 Kg7 1/2-1/2

[Event "Titled Tuesday intern op 31st Oct Early"]
[White "Samarth, J Rao"]
[Black "Titichoca Daza, Daniel Henry"]
[Site "Chess.com INT"]
[Round "1"]
[Result "1-0"]
[Date "2023.10.31"]
[WhiteElo "1616"]
[BlackElo "2157"]
[PlyCount "77"]
[EventDate "2023.10.31"]
[EventType "swiss (blitz)"]
[EventRounds "11"]
[EventCountry "USA"]
[SourceTitle "EXT 2025"]
[Source "ChessBase"]
[SourceDate "2024.10.14"]
[SourceVersion "1"]
[SourceVersionDate "2024.10.14"]
[SourceQuality "1"]

1. e4 e5 2. Nf3 Nc6 3. Bb5 Nge7 4. 0-0 a6 5. Ba4 Ng6 6. c3 d6 7. d4 Bd7 8. Nbd2 Be7 9. Nc4 0-0 10. Bc2 Bf6 11. d5 Nce7 12. h3 Nf4 13. Nh2 Neg6 14. Ng4 Bg5 15. Kh2 h5 16. Nge3 Bh6 17. Nf5 h4 18. g3 Nh5 19. Qxh5 Bxc1 20. Raxc1 Qf6 21. Nce3 c6 22. Rcd1 c5 23. Ng4 Qd8 24. Nxh4 Nh8 25. f4 g6 26. Qh6 Bxg4 27. hxg4 Qe7 28. f5 g5 29. f6 Qxf6 30. Rxf6 gxh4 31. Qg5+ Ng6 32. gxh4 Kg7 33. h5 Rh8 34. Rxg6+ fxg6 35. Qxg6+ Kf8 36. Rf1+ Ke7 37. Rf7+ Kd8 38. Qxd6+ Ke8 39. Qe7# 1-0

[Event "Titled Tuesday intern op 31st Oct Early"]
[White "Titichoca Daza, Daniel Henry"]
[Black "Shubhi, Gupta"]
[Site "Chess.com INT"]
[Round "2"]
[Result "1-0"]
[Date "2023.10.31"]
[WhiteElo "2157"]
[BlackElo "1940"]
[PlyCount "83"]
[EventDate "2023.10.31"]
[EventType "swiss (blitz)"]
[EventRounds "11"]
[EventCountry "USA"]
[SourceTitle "EXT 2025"]
[Source "ChessBase"]
[SourceDate "2024.10.14"]
[SourceVersion "1"]
[SourceVersionDate "2024.10.14"]
[SourceQuality "1"]

1. d4 d5 2. c4 e6 3. Nf3 Nf6 4. Qc2 Nc6 5. e3 Be7 6. Nbd2 0-0 7. a3 a5 8. b3 h6 9. Bb2 Nh7 10. Bd3 f5 11. g4 Bf6 12. cxd5 exd5 13. gxf5 Ne7 14. 0-0-0 a4 15. b4 b6 16. Kb1 c5 17. dxc5 bxc5 18. Qxc5 Bxb2 19. Kxb2 Bxf5 20. Qd4 Nc6 21. Qc3 Rc8 22. Rhg1 Qd7 23. Bxf5 Rxf5 24. Rc1 Nf6 25. Nd4 Rxf2 26. Nxc6 Rxc6 27. Qxc6 Rxd2+ 28. Ka1 Qe7 29. Qc8+ Ne8 30. Qc3 Rxh2 31. Rg3 Nd6 32. Qd4 Qf7 33. Rgg1 Nf5 34. Qe5 d4 35. Qxh2 dxe3 36. Rc8+ Kh7 37. Qb8 Qf6+ 38. Kb1 g5 39. Qb7+ Ng7 40. Qe4+ Nf5 41. Rc7+ Kg6 42. Rc6 1-0

[Event "Titled Tuesday intern op 24th Oct Late"]
[White "Sarkar, Justin"]
[Black "Titichoca Daza, Daniel Henry"]
[Site "Chess.com INT"]
[Round "2"]
[Result "1-0"]
[Date "2023.10.24"]
[WhiteElo "2289"]
[BlackElo "2157"]
[PlyCount "137"]
[EventDate "2023.10.24"]
[EventType "swiss (blitz)"]
[EventRounds "11"]
[EventCountry "USA"]
[SourceTitle "CBM 216 Extra"]
[Source "ChessBase"]
[SourceDate "2023.11.30"]
[SourceVersion "1"]
[SourceVersionDate "2023.11.30"]
[SourceQuality "1"]

1. e4 c5 2. Nc3 e6 3. Nge2 a6 4. g3 b5 5. Bg2 Bb7 6. 0-0 h5 7. d4 cxd4 8. Nxd4 Ne7 9. Bg5 f6 10. Be3 Nec6 11. Nb3 Ne5 12. Nc5 Bc6 13. Nd3 Nc4 14. Bc1 d6 15. Nf4 Qc8 16. Ng6 Rh7 17. b3 Ne5 18. Nxf8 Kxf8 19. Qxd6+ Kg8 20. f4 Nf7 21. Qd4 h4 22. a4 hxg3 23. hxg3 Nd7 24. axb5 axb5 25. Rxa8 Qxa8 26. Bb2 e5 27. Qd3 Qa7+ 28. Rf2 Nc5 29. Qe3 b4 30. Nd5 Qa5 31. fxe5 Bxd5 32. exd5 fxe5 33. Qf3 g6 34. Bxe5 Qd8 35. Bd4 Nd7 36. Qe3 Ng5 37. Qd3 Nf8 38. d6 Rf7 39. Qc4 Qxd6 40. Bd5 Nfe6 41. Bxe6 Nxe6 42. Rxf7 Kxf7 43. Bf2 Qe5 44. Qd3 Qa1+ 45. Kg2 Qa8+ 46. Qf3+ Qxf3+ 47. Kxf3 Kf6 48. Ke4 Kg5 49. Kd5 Ng7 50. Kc4 Kg4 51. Kxb4 Kf3 52. Bd4 Nf5 53. Be5 Ke4 54. Bc7 Ne3 55. c4 Kd4 56. Bf4 Ke4 57. Bxe3 Kxe3 58. c5 Kf3 59. c6 Kxg3 60. c7 g5 61. c8Q g4 62. Qxg4+ Kxg4 63. Kc5 Kf5 64. b4 Ke6 65. Kc6 Ke7 66. Kc7 Ke6 67. b5 Kd5 68. b6 Kc5 69. b7 1-0

[Event "Titled Tuesday intern op 24th Oct Late"]
[White "Titichoca Daza, Daniel Henry"]
[Black "Mesquita, Eduardo Barbosa"]
[Site "Chess.com INT"]
[Round "1"]
[Result "1-0"]
[Date "2023.10.24"]
[WhiteElo "2157"]
[BlackElo "1979"]
[PlyCount "109"]
[EventDate "2023.10.24"]
[EventType "swiss (blitz)"]
[EventRounds "11"]
[EventCountry "USA"]
[SourceTitle "CBM 216 Extra"]
[Source "ChessBase"]
[SourceDate "2023.11.30"]
[SourceVersion "1"]
[SourceVersionDate "2023.11.30"]
[SourceQuality "1"]

1. c4 e6 2. Nf3 Nf6 3. e3 d5 4. b3 Be7 5. Bb2 0-0 6. Nc3 Re8 7. Be2 b6 8. 0-0 Bb7 9. Rc1 a6 10. Qc2 Nc6 11. a3 h6 12. d4 dxc4 13. Bxc4 Nd5 14. e4 Nf4 15. Rfd1 Na5 16. Bf1 Rc8 17. b4 Nc6 18. g3 Ng6 19. h4 Bf8 20. h5 Nge7 21. d5 exd5 22. exd5 Nb8 23. Bc4 b5 24. Bb3 Qd7 25. Ne5 Qf5 26. Nxf7 Qxh5 27. Ne4 Nxd5 28. Nc5 Bc6 29. Ne5 Rxe5 30. Bxe5 Qxe5 31. Re1 Qh5 32. Rcd1 Rd8 33. Qe4 Bxc5 34. bxc5 Kh8 35. Qe5 Qf3 36. Re3 Qf8 37. Bxd5 Qxc5 38. Bf3 Rxd1+ 39. Bxd1 Qxe5 40. Rxe5 Nd7 41. Re7 Kg8 42. Bb3+ Kf8 43. Rf7+ Ke8 44. Rxg7 Nc5 45. Rxc7 Nxb3 46. Rxc6 a5 47. Rxh6 Nd4 48. Ra6 Nb3 49. f4 Kd7 50. f5 Nc5 51. Rxa5 Kc6 52. f6 Kb6 53. f7 Nd7 54. Ra8 b4 55. axb4 1-0

[Event "Titled Tuesday intern op 17th Oct Late"]
[White "Indjic, Aleksandar"]
[Black "Titichoca Daza, Daniel Henry"]
[Site "Chess.com INT"]
[Round "2"]
[Result "1-0"]
[Date "2023.10.17"]
[WhiteElo "2610"]
[BlackElo "2157"]
[PlyCount "41"]
[EventDate "2023.10.17"]
[EventType "swiss (blitz)"]
[EventRounds "11"]
[EventCountry "USA"]
[SourceTitle "EXT 2025"]
[Source "ChessBase"]
[SourceDate "2024.10.14"]
[SourceVersion "1"]
[SourceVersionDate "2024.10.14"]
[SourceQuality "1"]

1. e4 e5 2. Nf3 Nc6 3. Nc3 Nf6 4. Bb5 Bb4 5. 0-0 0-0 6. Bxc6 dxc6 7. d3 Bxc3 8. bxc3 Qd6 9. h3 h6 10. Nh2 Rd8 11. Qe2 Qc5 12. c4 b5 13. Be3 Qe7 14. cxb5 cxb5 15. f4 exf4 16. Rxf4 Re8 17. Raf1 Be6 18. Rxf6 gxf6 19. Qh5 Qd6 20. Rxf6 Kf8 21. Bc5 1-0

[Event "Titled Tuesday intern op 17th Oct Early"]
[White "Sroczynski, Maciej"]
[Black "Titichoca Daza, Daniel Henry"]
[Site "Chess.com INT"]
[Round "3"]
[Result "0-1"]
[Date "2023.10.17"]
[WhiteElo "2271"]
[BlackElo "2157"]
[PlyCount "80"]
[EventDate "2023.10.17"]
[EventType "swiss (blitz)"]
[EventRounds "11"]
[EventCountry "USA"]
[SourceTitle "EXT 2025"]
[Source "ChessBase"]
[SourceDate "2024.10.14"]
[SourceVersion "1"]
[SourceVersionDate "2024.10.14"]
[SourceQuality "1"]

1. Nf3 d6 2. g3 e5 3. Bg2 f5 4. d3 Nf6 5. 0-0 c6 6. Nbd2 Be7 7. e4 0-0 8. c3 Qe8 9. b4 Qh5 10. Nh4 Qxd1 11. Rxd1 f4 12. gxf4 exf4 13. Nhf3 Bg4 14. Re1 Nbd7 15. d4 a5 16. bxa5 Rxa5 17. Nb3 Rh5 18. Ba3 Rf7 19. h3 Bxf3 20. Bxf3 Rxh3 21. Kg2 Rh6 22. c4 g5 23. Bd1 g4 24. Bc2 f3+ 25. Kg1 Nh5 26. e5 dxe5 27. Bxe7 Rxe7 28. Bf5 Nf4 29. Nc1 Nh3+ 30. Kh2 Nxf2+ 31. Kg3 Nh1+ 32. Kxg4 f2 33. Rf1 Nf6+ 34. Kf3 e4+ 35. Ke3 Rg7 36. Ne2 Ng3 37. Nxg3 Rxg3+ 38. Kf4 Rf3+ 39. Kg5 Kg7 40. Bg4 Rg6+ 0-1

[Event "Titled Tuesday intern op 17th Oct Early"]
[White "Titichoca Daza, Daniel Henry"]
[Black "Liyanage, Ranindu Dilshan"]
[Site "Chess.com INT"]
[Round "6"]
[Result "0-1"]
[Date "2023.10.17"]
[WhiteElo "2157"]
[BlackElo "2400"]
[PlyCount "66"]
[EventDate "2023.10.17"]
[EventType "swiss (blitz)"]
[EventRounds "11"]
[EventCountry "USA"]
[SourceTitle "EXT 2025"]
[Source "ChessBase"]
[SourceDate "2024.10.14"]
[SourceVersion "1"]
[SourceVersionDate "2024.10.14"]
[SourceQuality "1"]

1. e4 c5 2. Nc3 a6 3. Nf3 b5 4. d4 cxd4 5. Nxd4 e6 6. g3 Bb7 7. Bg2 Nf6 8. 0-0 Qc7 9. Re1 d6 10. a4 b4 11. Nd5 exd5 12. exd5+ Kd8 13. Bg5 Nbd7 14. c3 bxc3 15. Rc1 h6 16. Rxc3 Qb6 17. Nc6+ Bxc6 18. dxc6 hxg5 19. c7+ Kc8 20. Bxa8 Nc5 21. Qd4 Qxb2 22. Qc4 Nfd7 23. Rc2 Qb6 24. Qxf7 Kxc7 25. Re8 Qb1+ 26. Kg2 Qxc2 27. Qd5 Qxa4 28. Qxg5 Nf6 29. Rxf8 Rxf8 30. Qxg7+ Ncd7 31. Bf3 Qb3 32. Qe7 Qxf3+ 33. Kxf3 Nd5+ 0-1

[Event "Titled Tuesday intern op 17th Oct Early"]
[White "Titichoca Daza, Daniel Henry"]
[Black "Szente Varga, Fruzsina"]
[Site "Chess.com INT"]
[Round "8"]
[Result "1-0"]
[Date "2023.10.17"]
[WhiteElo "2157"]
[BlackElo "2015"]
[PlyCount "65"]
[EventDate "2023.10.17"]
[EventType "swiss (blitz)"]
[EventRounds "11"]
[EventCountry "USA"]
[SourceTitle "EXT 2025"]
[Source "ChessBase"]
[SourceDate "2024.10.14"]
[SourceVersion "1"]
[SourceVersionDate "2024.10.14"]
[SourceQuality "1"]

1. e4 c5 2. Nf3 Nc6 3. Bb5 g6 4. 0-0 Bg7 5. Re1 Nf6 6. c3 0-0 7. d4 d5 8. e5 Ne4 9. Bxc6 bxc6 10. h3 Bf5 11. Nbd2 h5 12. Nh4 e6 13. Nxf5 exf5 14. Nf3 cxd4 15. cxd4 Qb6 16. b3 f6 17. Ba3 Rfe8 18. exf6 Bxf6 19. Qd3 Kg7 20. Rac1 Rac8 21. Re2 Qa5 22. Bc5 Re6 23. Rec2 Qd8 24. Bxa7 g5 25. Qa6 Qd7 26. b4 Ra8 27. Rxc6 Rxa7 28. Rxe6 Rxa6 29. Rxa6 Qb5 30. Rc7+ Kg6 31. Ne5+ Kh6 32. Nf7+ Kg7 33. Nd6+ 1-0

[Event "Titled Tuesday intern op 10th Oct Early"]
[White "Titichoca Daza, Daniel Henry"]
[Black "Boruchovsky, Avital"]
[Site "Chess.com INT"]
[Round "5"]
[Result "0-1"]
[Date "2023.10.10"]
[WhiteElo "2157"]
[BlackElo "2536"]
[PlyCount "98"]
[EventDate "2023.10.10"]
[EventType "swiss (blitz)"]
[EventRounds "11"]
[EventCountry "USA"]
[SourceTitle "EXT 2025"]
[Source "ChessBase"]
[SourceDate "2024.10.14"]
[SourceVersion "1"]
[SourceVersionDate "2024.10.14"]
[SourceQuality "1"]

1. Nf3 c5 2. g3 Nc6 3. Bg2 e5 4. 0-0 d5 5. d3 Nf6 6. Bg5 Be6 7. Nc3 Be7 8. Bxf6 Bxf6 9. e4 d4 10. Nd5 0-0 11. Re1 g6 12. c4 Bg7 13. Qd2 h6 14. a3 a5 15. b3 Kh7 16. h4 Rb8 17. Rab1 b5 18. Rec1 b4 19. axb4 axb4 20. Ra1 Ra8 21. Qb2 f5 22. h5 g5 23. exf5 Bxf5 24. Qe2 Ra3 25. Nd2 Qa5 26. Rab1 Kh8 27. Ne4 Ra2 28. Rc2 Rxc2 29. Qxc2 Bg4 30. Nd6 Bxh5 31. Re1 Nd8 32. f4 exf4 33. gxf4 gxf4 34. Qf2 Qa6 35. Ne4 f3 36. Bh3 Ne6 37. Qh4 Bg6 38. Nf2 Ng5 39. Ne7 Bh7 40. Bf1 Qa2 41. Nd5 Qd2 42. Re7 Ra8 43. Nf4 Rf8 44. Nh5 Bf6 45. Nxf6 Rxf6 46. Qg3 Qf4 47. Qxf4 Rxf4 48. Ng4 Rxg4+ 49. Kf2 Rf4 0-1

[Event "Titled Tuesday intern op 10th Oct Early"]
[White "Titichoca Daza, Daniel Henry"]
[Black "Dudzinski, Pawel"]
[Site "Chess.com INT"]
[Round "6"]
[Result "1-0"]
[Date "2023.10.10"]
[WhiteElo "2157"]
[BlackElo "2187"]
[PlyCount "162"]
[EventDate "2023.10.10"]
[EventType "swiss (blitz)"]
[EventRounds "11"]
[EventCountry "USA"]
[SourceTitle "EXT 2025"]
[Source "ChessBase"]
[SourceDate "2024.10.14"]
[SourceVersion "1"]
[SourceVersionDate "2024.10.14"]
[SourceQuality "1"]

1. Nf3 g6 2. g3 Bg7 3. Bg2 e5 4. 0-0 Nc6 5. d3 d5 6. c4 Nge7 7. cxd5 Nxd5 8. Bg5 f6 9. Bd2 Be6 10. Nc3 0-0 11. Rc1 Nce7 12. a3 Nxc3 13. bxc3 c5 14. c4 Qd7 15. a4 Nc6 16. a5 Rab8 17. Be3 Nd4 18. Nxd4 cxd4 19. Bd2 Rfc8 20. Rb1 Bf8 21. Qb3 b5 22. axb6 Rxb6 23. Qa2 Rcb8 24. Ba5 Rxb1 25. Rxb1 Qc8 26. Bd2 Bc5 27. h4 Rb6 28. Ba5 Qa6 29. Rb5 Qxb5 30. Bxb6 Qxb6 31. Qa4 Kf7 32. Bc6 f5 33. h5 gxh5 34. Be8+ Kf6 35. Bxh5 Bf7 36. Bf3 Qc7 37. Qa6+ Bb6 38. Qb5 e4 39. dxe4 Bxc4 40. Qxf5+ Ke7 41. e5 Be6 42. Qf6+ Ke8 43. Qxe6+ Qe7 44. Bh5+ Kd8 45. Qd5+ Kc7 46. Bf3 Qc5 47. Qe6 a5 48. Qf7+ Kd8 49. Bg4 Qe7 50. Qd5+ Ke8 51. e6 Kf8 52. Bh5 Kg7 53. Qf5 Qf6 54. Qe4 Qg5 55. Bf3 Qc1+ 56. Kg2 Qc8 57. e7 Qe8 58. Bh5 Qxh5 59. e8Q Qxe8 60. Qxe8 Kf6 61. Qb5 Bd8 62. Qc6+ Ke7 63. Qd5 a4 64. Qxd4 a3 65. Qb4+ Kf7 66. Qxa3 Be7 67. Qf3+ Kg6 68. Qe4+ Kg7 69. Qxe7+ Kg6 70. Qh4 Kg7 71. e4 h5 72. f4 Kh6 73. e5 Kg6 74. e6 Kg7 75. e7 Kf7 76. Qxh5+ Kxe7 77. Qf5 Ke8 78. g4 Ke7 79. g5 Ke8 80. g6 Ke7 81. g7 Kd6 1-0

[Event "Titled Tuesday intern op 03rd Oct Early"]
[White "Begunov, Konstantin"]
[Black "Titichoca Daza, Daniel Henry"]
[Site "Chess.com INT"]
[Round "4"]
[Result "1-0"]
[Date "2023.10.03"]
[WhiteElo "2325"]
[BlackElo "2157"]
[PlyCount "79"]
[EventDate "2023.10.03"]
[EventType "swiss (blitz)"]
[EventRounds "11"]
[EventCountry "USA"]
[SourceTitle "EXT 2025"]
[Source "ChessBase"]
[SourceDate "2024.10.14"]
[SourceVersion "1"]
[SourceVersionDate "2024.10.14"]
[SourceQuality "1"]

1. d4 Nf6 2. c4 e6 3. Nf3 Bb4+ 4. Nbd2 0-0 5. a3 Be7 6. e4 d6 7. Be2 Nbd7 8. 0-0 e5 9. b4 a5 10. Bb2 exd4 11. Nxd4 Re8 12. Re1 Bf8 13. Bf1 c6 14. N4b3 a4 15. Nd4 Ne5 16. Qc2 Ng6 17. Qc3 Bd7 18. Qg3 d5 19. exd5 cxd5 20. c5 h5 21. Qg5 Be7 22. Nf5 Bxf5 23. Qxf5 h4 24. Bb5 Rf8 25. Nf3 b6 26. c6 Bd6 27. Bd3 Rc8 28. b5 Bc5 29. Nd4 Qd6 30. Qg5 Qf4 31. Qxf4 Nxf4 32. Bf5 Rc7 33. g3 Ng6 34. Bxg6 fxg6 35. Ne6 Ne4 36. Nxc7 Rxf2 37. Ne6 hxg3 38. hxg3 Ng5 39. Nxc5 Nh3+ 40. Kh1 1-0

[Event "Titled Tuesday intern op 26th Sep Early"]
[White "Manukian, Artak"]
[Black "Titichoca Daza, Daniel Henry"]
[Site "Chess.com INT"]
[Round "8"]
[Result "1-0"]
[Date "2023.09.26"]
[WhiteElo "2196"]
[BlackElo "2151"]
[PlyCount "91"]
[EventDate "2023.09.26"]
[EventType "swiss (blitz)"]
[EventRounds "11"]
[EventCountry "USA"]
[SourceTitle "EXT 2024"]
[Source "ChessBase"]
[SourceDate "2023.10.10"]
[SourceVersion "1"]
[SourceVersionDate "2023.10.10"]
[SourceQuality "1"]

1. e4 e5 2. Nf3 Nc6 3. d4 exd4 4. Nxd4 Nf6 5. Nxc6 bxc6 6. e5 Qe7 7. Qe2 Nd5 8. c4 Ba6 9. b3 g6 10. g3 Bg7 11. Bb2 0-0 12. Bg2 f6 13. e6 dxe6 14. 0-0 Rad8 15. Re1 e5 16. Ba3 c5 17. Bxd5+ Rxd5 18. Qe3 Rd4 19. Qxd4 cxd4 20. Bxe7 Rd8 21. Bb4 f5 22. Na3 e4 23. Rad1 Bh6 24. Nb5 Bxb5 25. cxb5 e3 26. fxe3 d3 27. Kf2 Rd5 28. a4 Bg7 29. Rd2 g5 30. Red1 f4 31. Rxd3 fxe3+ 32. Kxe3 Re5+ 33. Kf3 h5 34. Rd8+ Kh7 35. R8d7 Kg6 36. Rxg7+ Kxg7 37. Bc3 Kg6 38. Bxe5 c5 39. bxc6 a5 40. c7 g4+ 41. Ke4 h4 42. c8Q h3 43. Qxg4+ Kf7 44. Rd7+ Ke8 45. Qe6+ Kf8 46. Qf7# 1-0

[Event "Titled Tuesday intern op 26th Sep Early"]
[White "Suyarov, Mukhammadzokhid"]
[Black "Titichoca Daza, Daniel Henry"]
[Site "Chess.com INT"]
[Round "2"]
[Result "1-0"]
[Date "2023.09.26"]
[WhiteElo "2333"]
[BlackElo "2151"]
[PlyCount "47"]
[EventDate "2023.09.26"]
[EventType "swiss (blitz)"]
[EventRounds "11"]
[EventCountry "USA"]
[SourceTitle "EXT 2024"]
[Source "ChessBase"]
[SourceDate "2023.10.10"]
[SourceVersion "1"]
[SourceVersionDate "2023.10.10"]
[SourceQuality "1"]

1. d4 d5 2. Nc3 Nf6 3. Bf4 a6 4. e3 e6 5. g4 Bb4 6. Nge2 c5 7. a3 Bxc3+ 8. Nxc3 Nc6 9. g5 Nd7 10. Qd2 b5 11. h4 Bb7 12. h5 e5 13. dxe5 Ncxe5 14. Bg2 Nc4 15. Qe2 Ndb6 16. b3 Nd6 17. Rd1 Nf5 18. Qg4 g6 19. hxg6 fxg6 20. e4 Nd4 21. Be5 0-0 22. Rxd4 cxd4 23. Qe6+ Rf7 24. Rxh7 1-0

[Event "Titled Tuesday intern op 26th Sep Early"]
[White "Titichoca Daza, Daniel Henry"]
[Black "Klukin, Kirill"]
[Site "Chess.com INT"]
[Round "6"]
[Result "0-1"]
[Date "2023.09.26"]
[WhiteElo "2151"]
[BlackElo "2390"]
[PlyCount "121"]
[EventDate "2023.09.26"]
[EventType "swiss (blitz)"]
[EventRounds "11"]
[EventCountry "USA"]
[SourceTitle "EXT 2024"]
[Source "ChessBase"]
[SourceDate "2023.10.10"]
[SourceVersion "1"]
[SourceVersionDate "2023.10.10"]
[SourceQuality "1"]

1. e4 c5 2. Nf3 Nc6 3. Nc3 g6 4. d4 cxd4 5. Nxd4 Bg7 6. Be3 Nf6 7. Bc4 0-0 8. Bb3 Re8 9. 0-0 d6 10. h3 Na5 11. Qe2 b6 12. Bd5 Nxd5 13. exd5 Bb7 14. b4 Rc8 15. Ncb5 Nc4 16. Nxa7 Nxe3 17. Qxe3 Bxd4 18. Qxd4 Rxc2 19. Rfc1 e5 20. Qd3 Rxc1+ 21. Rxc1 Qa8 22. Nb5 Rd8 23. Nc7 Qxa2 24. Qb5 Qb2 25. Rf1 Qd4 26. Rc1 h5 27. Kh2 h4 28. Kh1 Qf4 29. Rc2 Qe4 30. Qc4 Qxc4 31. Rxc4 Rc8 32. Rc3 Kh7 33. Kg1 g5 34. Kf1 Kg6 35. Ke2 Ba6+ 36. Ke3 Bb7 37. g4 f5 38. f3 fxg4 39. fxg4 Kf6 40. Ke4 Ke7 41. Nb5 Rxc3 42. Nxc3 Kf6 43. Ke3 Ke7 44. Ke4 Ba6 45. Kf5 Bf1 46. Kxg5 Bxh3 47. Kxh4 Bg2 48. Kg5 Kf7 49. Kf5 Bh1 50. g5 Bf3 51. g6+ Ke7 52. Nb5 Bxd5 53. Nc3 Bc4 54. Ne4 Bd3 55. b5 d5 56. Kxe5 dxe4 57. Kd4 Kf6 58. g7 Kxg7 59. Ke3 Kf6 60. Kd4 Ke6 61. Ke3 0-1